[Event "Madrid-ch Previa-B"]
[Site "Madrid"]
[Date "2025.02.21"]
[Round "7.6"]
[White "Cabanas Bravo, Juan Andres"]
[Black "San Vicente Crespo, Pablo"]
[Result "0-1"]
[WhiteElo "1931"]
[BlackElo "1812"]
[PlyCount "178"]
[GameId "2150257007947895"]
[EventDate "2025.01.30"]
[EventType "swiss"]
[EventRounds "9"]
[EventCountry "ESP"]

1. e4 e5 2. Nf3 Nc6 3. Bc4 Nf6 4. d3 d5 5. exd5 Nxd5 6. Bg5 f6 7. Bh4 Bf5 8. Nbd2 Qd7 9. Bg3 Be7 10. Qe2 O-O-O 11. O-O-O Nb6 12. Bb5 a6 13. Bxc6 Qxc6 14. Kb1 Qb5 15. Nb3 a5 16. Nfd4 exd4 17. Qxe7 Rd7 18. Qc5 Qxc5 19. Nxc5 Rd5 20. Nb3 a4 21. Nd2 a3 22. b3 Re8 23. Rhe1 Rdd8 24. f3 Nd5 25. Rxe8 Nc3+ 26. Ka1 Rxe8 27. Re1 Rxe1+ 28. Bxe1 b5 29. Ne4 Nd5 30. Kb1 Kd7 31. Ng3 Bg6 32. Bd2 Ke6 33. Kc1 Ke5 34. Kd1 c5 35. Ke2 Nf4+ 36. Bxf4+ Kxf4 37. Kd2 h5 38. Ne2+ Ke5 39. h4 Bf7 40. Nc1 g5 41. hxg5 fxg5 42. Ke2 Be6 43. Kf2 c4 44. Ke2 Kf4 45. Kf2 h4 46. Ne2+ Ke5 47. Nc1 Kd6 48. Ke1 Kc5 49. dxc4 bxc4 50. Kd2 Bf7 51. Ke2 Bd5 52. Kd2 h3 53. gxh3 Bxf3 54. c3 Bg2 55. cxd4+ Kxd4 56. Ne2+ Kc5 57. bxc4 Kxc4 58. Ng1 Kd4 59. Ne2+ Ke4 60. Nc3+ Kf3 61. Nb5 Bxh3 62. Nxa3 g4 63. Nc2 g3 64. a4 Kf2 65. Ne3 Bc8 66. Nd1+ Kf3 67. Ne3 Ba6 68. a5 Ke4 69. Ng2 Kf3 70. Ne1+ Kf2 71. Kd1 Bc4 72. Kd2 Bb5 73. Kd1 Ba6 74. Kd2 Bb5 75. Nd3+ Kf3 76. Ne1+ Kg4 77. Ng2 Ba6 78. Ne3+ Kf3 79. Nc2 Kf2 80. Ne1 Be2 81. Ng2 Bf1 82. Nh4 Be2 83. Kc2 Ba6 84. Kd2 Bb7 85. Kd1 Kg1 86. Ke1 Kh2 87. Kf1 Be4 88. Ke2 Kh3 89. Nf3 Bxf3+ 0-1

[Event "Madrid-ch Previa-B"]
[Site "Madrid"]
[Date "2025.02.21"]
[Round "7.7"]
[White "Veiga Macias, Rodrigo"]
[Black "De Vicente Guijarro, Juan"]
[Result "1-0"]
[WhiteElo "1832"]
[BlackElo "1922"]
[PlyCount "73"]
[GameId "2150279344259219"]
[EventDate "2025.01.30"]
[EventType "swiss"]
[EventRounds "9"]
[EventCountry "ESP"]

1. e4 e5 2. Nf3 Nf6 3. Nxe5 d6 4. Nf3 Nxe4 5. Nc3 Nxc3 6. dxc3 Be7 7. Be2 Nd7 8. Be3 O-O 9. Qd2 Nf6 10. O-O-O c5 11. h4 Be6 12. c4 b5 13. cxb5 Ne4 14. Qd3 d5 15. Ng5 c4 16. Qxe4 dxe4 17. Rxd8 Bxd8 18. Nxe6 fxe6 19. Bxc4 Re8 20. g3 Bb6 21. Bxb6 axb6 22. Re1 Kf8 23. Rxe4 e5 24. f4 exf4 25. Rxf4+ Ke7 26. Rf7+ Kd6 27. Rxg7 Re7 28. Rg5 Rf8 29. b3 Rf2 30. Kb2 Rf3 31. Bd3 h6 32. Rg6+ Re6 33. Rg8 Re7 34. g4 Rh3 35. h5 Ke5 36. Bf5 Rf7 37. Re8+ 1-0

[Event "Madrid-ch Previa-B"]
[Site "Madrid"]
[Date "2025.02.21"]
[Round "7.9"]
[White "Mata Medina, Andres"]
[Black "Garcia Tanjala, Marko"]
[Result "1-0"]
[WhiteElo "1871"]
[BlackElo "1822"]
[PlyCount "111"]
[GameId "2150280561254577"]
[EventDate "2025.01.30"]
[EventType "swiss"]
[EventRounds "9"]
[EventCountry "ESP"]

1. d4 f5 2. Nc3 e6 3. e4 Bb4 4. exf5 exf5 5. Bd3 d5 6. Qh5+ g6 7. Qe2+ Qe7 8. Bf4 Nc6 9. Qxe7+ Ngxe7 10. Bxc7 Nxd4 11. Be5 Nxc2+ 12. Bxc2 O-O 13. O-O-O Be6 14. Nf3 Rad8 15. a3 Bc5 16. Bd4 Bd6 17. Rhe1 Bf7 18. Bf6 Rfe8 19. Ba4 Nc6 20. Bxd8 Rxd8 21. Bxc6 bxc6 22. Ne5 Be8 23. f4 Bc5 24. Na4 Bd6 25. Nd3 Bd7 26. Nac5 Bc8 27. Re2 Kf7 28. Rde1 h6 29. Ne5+ Kf6 30. b4 Bxc5 31. bxc5 Ba6 32. Nxc6 Rc8 33. Re6+ Kg7 34. Re7+ Kf8 35. Nb4 Rxc5+ 36. Kb2 Bc8 37. Re8+ Kf7 38. R1e7+ Kf6 39. Rxa7 g5 40. Nxd5+ Rxd5 41. Rxc8 gxf4 42. Rac7 Rd2+ 43. Rc2 Rd5 44. h4 Rb5+ 45. Ka2 f3 46. gxf3 Rb7 47. f4 h5 48. R2c6+ Kg7 49. R6c7+ Rxc7 50. Rxc7+ Kg6 51. a4 Kh6 52. a5 Kg6 53. a6 Kh6 54. a7 Kg6 55. a8=Q Kh6 56. Qc6# 1-0

[Event "Madrid-ch Previa-B"]
[Site "Madrid"]
[Date "2025.02.21"]
[Round "7.10"]
[White "Godoy Herrera, Carlos"]
[Black "Gonzalez Jimenez, Marcos Valero"]
[Result "0-1"]
[WhiteElo "1806"]
[BlackElo "1840"]
[PlyCount "66"]
[GameId "2150281630830784"]
[EventDate "2025.01.30"]
[EventType "swiss"]
[EventRounds "9"]
[EventCountry "ESP"]

1. d4 d5 2. Nf3 Nf6 3. e3 e6 4. Bd3 Be7 5. Nbd2 Nbd7 6. O-O O-O 7. c3 c5 8. Qe2 b6 9. e4 dxe4 10. Nxe4 Bb7 11. dxc5 Nxe4 12. Bxe4 Bxe4 13. Qxe4 Nxc5 14. Qg4 Bf6 15. Bf4 Qe7 16. Rad1 Rfd8 17. Ne5 Qb7 18. Rxd8+ Rxd8 19. Qe2 Qe4 20. c4 Qb7 21. Rd1 Rxd1+ 22. Qxd1 Qe4 23. g3 h6 24. Nd7 Nxd7 25. Qxd7 Bd4 26. Qe8+ Kh7 27. Qxf7 Qe1+ 28. Kg2 Qxf2+ 29. Kh3 Qf1+ 30. Kh4 Bf6+ 31. Kg4 Qxc4 32. Qxa7 Qe2+ 33. Kh3 Qf1+ 0-1

[Event "Madrid-ch Previa-B"]
[Site "Madrid"]
[Date "2025.02.21"]
[Round "7.11"]
[White "Senador Gomez Jaen, Julio"]
[Black "Perdiguero Herreros, Alejandro"]
[Result "1/2-1/2"]
[WhiteElo "1796"]
[BlackElo "1924"]
[PlyCount "90"]
[GameId "2150282317193423"]
[EventDate "2025.01.30"]
[EventType "swiss"]
[EventRounds "9"]
[EventCountry "ESP"]

1. d4 Nf6 2. Nf3 d5 3. e3 c5 4. c3 Nc6 5. h3 e6 6. Bd3 Bd6 7. Nbd2 e5 8. dxe5 Nxe5 9. Nxe5 Bxe5 10. Nf3 Bc7 11. b3 Ne4 12. Bb2 f5 13. c4 Ba5+ 14. Kf1 Bc3 15. Bxc3 Nxc3 16. Qc2 Ne4 17. cxd5 Qxd5 18. Bc4 Qc6 19. Qd3 Qd6 20. Rd1 Qxd3+ 21. Rxd3 Ke7 22. Ke2 Be6 23. Bxe6 Kxe6 24. Rhd1 Rhe8 25. Nd2 Nf6 26. Nc4 Rab8 27. Nd6 Re7 28. Nb5 a6 29. Nc3 Rd7 30. Rxd7 Nxd7 31. e4 fxe4 32. Nxe4 Ke7 33. Rd5 Rc8 34. Kd3 Rc6 35. a4 Ke6 36. Rg5 g6 37. f4 Ke7 38. a5 b5 39. axb6 Rxb6 40. Kc3 Rb5 41. f5 Nf6 42. Nd2 gxf5 43. Rxf5 Ke6 44. Rf3 Nd5+ 45. Kc4 Kd6 1/2-1/2

[Event "Madrid-ch Previa-B"]
[Site "Madrid"]
[Date "2025.02.21"]
[Round "7.12"]
[White "Clavero Alarcon, Jose Miguel"]
[Black "Pena Hernandez, Francisco Javier"]
[Result "1/2-1/2"]
[WhiteElo "1822"]
[BlackElo "1899"]
[PlyCount "70"]
[GameId "2150283246985438"]
[EventDate "2025.01.30"]
[EventType "swiss"]
[EventRounds "9"]
[EventCountry "ESP"]

1. e4 c6 2. d4 d5 3. exd5 cxd5 4. Bd3 g6 5. Nf3 Bg7 6. Bf4 Nc6 7. c3 Nf6 8. Qe2 O-O 9. O-O Re8 10. Ne5 Bd7 11. Nd2 Nh5 12. Bg3 Nxg3 13. fxg3 Nxe5 14. dxe5 Qb6+ 15. Kh1 Qxb2 16. Rab1 Qxc3 17. Rxb7 Be6 18. Nf3 Bc8 19. Rbb1 Bg4 20. h3 Bxf3 21. Qxf3 Rf8 22. Rb5 e6 23. Rb7 Qxe5 24. Rxf7 Qd4 25. Bb5 Kh8 26. Qa3 Kg8 27. Qe7 Qe5 28. Bd7 Rxf7 29. Rxf7 d4 30. Bxe6 Kh8 31. Qd7 Rb8 32. Bb3 a5 33. Re7 Qf6 34. Rf7 Qe5 35. Re7 Qf6 1/2-1/2

[Event "Madrid-ch Previa-B"]
[Site "Madrid"]
[Date "2025.02.21"]
[Round "7.13"]
[White "Huerta Marroquin, Borja"]
[Black "Quiroga Andres, Carlos"]
[Result "1/2-1/2"]
[WhiteElo "1596"]
[BlackElo "1841"]
[PlyCount "50"]
[GameId "2150374549549195"]
[EventDate "2025.01.30"]
[EventType "swiss"]
[EventRounds "9"]
[EventCountry "ESP"]

1. d4 Nf6 2. Bf4 g6 3. Nf3 Bg7 4. c4 d6 5. e3 O-O 6. Be2 Nbd7 7. Nc3 c6 8. e4 Re8 9. h3 e5 10. dxe5 dxe5 11. Be3 Qe7 12. O-O Nc5 13. Qc2 Nh5 14. Na4 Nxa4 15. Qxa4 Nf4 16. Qc2 Be6 17. c5 Rad8 18. Rfd1 Rxd1+ 19. Qxd1 Rd8 20. Qc2 Qd7 21. Ng5 h6 22. Nxe6 Nxe2+ 23. Qxe2 Qxe6 24. b3 Qd7 25. Rc1 Qd3 1/2-1/2

[Event "Madrid-ch Previa-B"]
[Site "Madrid"]
[Date "2025.02.21"]
[Round "7.15"]
[White "Garcia Gonzalez, Angela"]
[Black "Arce Balluerca, Oscar"]
[Result "0-1"]
[WhiteElo "1617"]
[BlackElo "1842"]
[PlyCount "72"]
[GameId "2150375795441854"]
[EventDate "2025.01.30"]
[EventType "swiss"]
[EventRounds "9"]
[EventCountry "ESP"]

1. e4 Nf6 2. e5 Nd5 3. d4 d6 4. c4 Nb6 5. f4 dxe5 6. fxe5 g6 7. Nf3 Bg7 8. Be2 O-O 9. Nbd2 Bg4 10. O-O c5 11. h3 Bxf3 12. Nxf3 cxd4 13. c5 N6d7 14. Qxd4 Nc6 15. Qd5 Ndxe5 16. Qxd8 Raxd8 17. Nxe5 Bxe5 18. Kh1 Nd4 19. Bg4 f5 20. Bd1 Kg7 21. Bg5 Nc6 22. Bf3 h6 23. Bxc6 hxg5 24. Bxb7 g4 25. Rae1 Kf6 26. Re2 gxh3 27. gxh3 Rd3 28. Bg2 Bc7 29. Bf3 Rfd8 30. Kg2 e5 31. Rff2 Ke6 32. Rc2 e4 33. Be2 Rg3+ 34. Kh2 Rc3+ 35. Kg2 Rxc2 36. b3 Ke5 0-1

[Event "Madrid-ch Previa-B"]
[Site "Madrid"]
[Date "2025.02.21"]
[Round "7.16"]
[White "De Pascual Lopez, Javier"]
[Black "Metola Arias, Mario"]
[Result "0-1"]
[WhiteElo "1603"]
[BlackElo "1799"]
[PlyCount "54"]
[GameId "2150376656273613"]
[EventDate "2025.01.30"]
[EventType "swiss"]
[EventRounds "9"]
[EventCountry "ESP"]

1. d4 d5 2. Bf4 Nf6 3. e3 Bf5 4. c4 e6 5. Qb3 b6 6. Nc3 Bd6 7. Bxd6 Qxd6 8. Nf3 a6 9. cxd5 exd5 10. Be2 Nbd7 11. O-O O-O 12. Rac1 c5 13. dxc5 Nxc5 14. Qb4 a5 15. Qa3 Bd7 16. Nb5 Bxb5 17. Bxb5 Rfd8 18. Rfd1 Rac8 19. b3 Nfe4 20. Nd4 Qf6 21. Qb2 Nd6 22. Be2 Nce4 23. Ba6 Rc5 24. Rxc5 bxc5 25. f3 Ng5 26. Qa3 cxd4 27. Rxd4 Nf5 0-1

[Event "Madrid-ch Previa-B"]
[Site "Madrid"]
[Date "2025.02.21"]
[Round "7.17"]
[White "Fernandez Kalinov, Rodrigo"]
[Black "Rodriguez Torrejon, Alberto"]
[Result "1-0"]
[WhiteElo "1715"]
[BlackElo "1630"]
[PlyCount "71"]
[GameId "2150377336258780"]
[EventDate "2025.01.30"]
[EventType "swiss"]
[EventRounds "9"]
[EventCountry "ESP"]

1. e4 c5 2. Nf3 d6 3. d4 cxd4 4. Nxd4 Nf6 5. Nc3 g6 6. Be3 Bg7 7. Bc4 Nc6 8. f3 Bd7 9. Qd2 Rc8 10. Bb3 Ne5 11. Bh6 O-O 12. Bxg7 Kxg7 13. O-O-O a6 14. h4 h5 15. Kb1 Nc4 16. Qe2 b5 17. Qf2 b4 18. Nd5 Nxd5 19. exd5 Na5 20. g4 Rh8 21. Ne2 Nxb3 22. cxb3 f6 23. Rhg1 Qc7 24. Nf4 hxg4 25. fxg4 Qc5 26. Qe2 Kf7 27. h5 g5 28. Ne6 Bb5 29. Qe4 Qc2+ 30. Qxc2 Rxc2 31. Kxc2 Rh7 32. Kd2 Ke8 33. Rc1 Kd7 34. Rc7+ Ke8 35. Rc8+ Kf7 36. Rf8# 1-0

[Event "Madrid-ch Previa-B"]
[Site "Madrid"]
[Date "2025.02.21"]
[Round "7.18"]
[White "Valentin Lopez, Miguel"]
[Black "Gallardo Moreno, Alberto"]
[Result "0-1"]
[WhiteElo "1550"]
[BlackElo "1656"]
[PlyCount "120"]
[GameId "2150377988612331"]
[EventDate "2025.01.30"]
[EventType "swiss"]
[EventRounds "9"]
[EventCountry "ESP"]

1. e4 e6 2. d4 d5 3. exd5 exd5 4. Bd3 Bd6 5. Nf3 Ne7 6. h3 O-O 7. O-O Bf5 8. Bg5 f6 9. Bh4 c6 10. Qe2 Re8 11. Re1 Bxd3 12. Qxd3 Nd7 13. Nbd2 Qc7 14. b3 b6 15. c4 Nf8 16. Rac1 Qd7 17. Bg3 Bxg3 18. fxg3 Qf5 19. Qxf5 Nxf5 20. g4 Nd6 21. Kf2 Ng6 22. c5 Nf4 23. Rc3 Rxe1 24. Nxe1 Nb5 25. Rf3 g5 26. Nc2 Re8 27. Re3 Rxe3 28. Kxe3 Nxg2+ 29. Kf3 Nf4 30. Ke3 Nxh3 31. Nb4 bxc5 32. dxc5 Kf7 33. Nxc6 a6 34. Nb4 Nc7 35. Kd4 Ke6 36. Nc6 Nf2 37. Nf3 Nxg4 38. Nd8+ Kd7 39. Nf7 h5 40. N3xg5 fxg5 41. Nxg5 Kc6 42. a4 Kd7 43. b4 Ne6+ 44. Nxe6 Kxe6 45. b5 Ne5 46. b6 Nc6+ 47. Ke3 Ke5 48. b7 h4 49. Kf3 Kd4 50. Kg4 Kxc5 51. Kxh4 Kb6 52. Kg4 Kxb7 53. Kf3 Kb6 54. Ke3 Kc5 55. Kd2 Kc4 56. a5 Kc5 57. Kc3 Nxa5 58. Kb2 Kc4 59. Kc2 d4 60. Kd2 Nb3+ 0-1

[Event "Madrid-ch Previa-B"]
[Site "Madrid"]
[Date "2025.02.21"]
[Round "7.19"]
[White "Pan, Angel Jiaye"]
[Black "Garcia Gonzalez, Victor 2012"]
[Result "0-1"]
[WhiteElo "1653"]
[BlackElo "1592"]
[PlyCount "110"]
[GameId "2150382928482557"]
[EventDate "2025.01.30"]
[EventType "swiss"]
[EventRounds "9"]
[EventCountry "ESP"]

1. e4 e6 2. d4 d5 3. exd5 exd5 4. Bd3 Bd6 5. Nf3 Ne7 6. Be3 Nbc6 7. O-O O-O 8. c3 Re8 9. Qc2 g6 10. Nbd2 Nf5 11. Rae1 Kg7 12. Bg5 f6 13. Rxe8 Qxe8 14. Re1 Qf7 15. Bh4 Bd7 16. Bg3 Nxg3 17. hxg3 Ne7 18. Nf1 b6 19. Ne3 c5 20. b3 Rc8 21. Qd2 c4 22. bxc4 dxc4 23. Bc2 h5 24. Nh4 b5 25. Rb1 a5 26. Nf3 g5 27. d5 b4 28. Nd4 bxc3 29. Qxc3 Bb4 30. Rxb4 axb4 31. Qxb4 Re8 32. Qxc4 Rc8 33. Qd3 f5 34. Ndxf5+ Nxf5 35. Nxf5+ Bxf5 36. Qxf5 Qxf5 37. Bxf5 Rc1+ 38. Kh2 Rd1 39. Be6 Rd2 40. a4 Rxf2 41. Bd7 Rd2 42. Bc6 Kf6 43. Bb7 Ra2 44. Bc6 Ra1 45. d6 Ke6 46. d7 Ke7 47. Bb5 Rc1 48. g4 h4 49. a5 Rc5 50. Ba4 Rxa5 51. Bc6 Rc5 52. Ba4 Rc4 53. Bb3 Rxg4 54. Be6 Rd4 55. Bh3 g4 0-1

[Event "Madrid-ch Previa-B"]
[Site "Madrid"]
[Date "2025.02.21"]
[Round "7.20"]
[White "Gomez Lorenzo, Alvaro 2012"]
[Black "Blanco Barrios, Aitana"]
[Result "0-1"]
[WhiteElo "1483"]
[BlackElo "1850"]
[PlyCount "86"]
[GameId "2150388169789714"]
[EventDate "2025.01.30"]
[EventType "swiss"]
[EventRounds "9"]
[EventCountry "ESP"]

1. d4 d5 2. Nf3 Nf6 3. e3 e6 4. Bd3 c5 5. b3 Nc6 6. Bb2 b6 7. O-O a5 8. Ne5 Nxe5 9. dxe5 Nd7 10. Qg4 Ba6 11. Bxa6 Rxa6 12. Nd2 b5 13. f4 g6 14. e4 d4 15. Nf3 Bg7 16. Rad1 b4 17. Nd2 Nb6 18. Nf3 Qc8 19. h4 h5 20. Qg5 Bh6 21. Qg3 a4 22. Ra1 O-O 23. Nh2 Kh7 24. Qh3 Nd7 25. g4 hxg4 26. Nxg4 Qb7 27. Qf3 axb3 28. axb3 Rfa8 29. Nxh6 Kxh6 30. Rxa6 Rxa6 31. Ra1 Rxa1+ 32. Bxa1 Qa8 33. Bb2 Qa2 34. Bc1 Qxc2 35. f5+ Qxc1+ 36. Kg2 Qd2+ 37. Kg1 Qe3+ 38. Qxe3+ dxe3 39. Kf1 Nxe5 40. fxe6 fxe6 41. Ke2 Ng4 42. Kf3 Kh5 43. e5 Kxh4 0-1

[Event "Madrid-ch Previa-B"]
[Site "Madrid"]
[Date "2025.02.21"]
[Round "7.21"]
[White "Jolani, Parnian"]
[Black "Castro Uceda, Jose Antonio"]
[Result "1-0"]
[WhiteElo "1847"]
[BlackElo "1637"]
[PlyCount "89"]
[GameId "2150392971026724"]
[EventDate "2025.01.30"]
[EventType "swiss"]
[EventRounds "9"]
[EventCountry "ESP"]

1. Nf3 Nf6 2. c4 g6 3. d4 Bg7 4. Nc3 O-O 5. e4 d6 6. h3 c6 7. Be2 b6 8. O-O Bb7 9. Be3 Nbd7 10. e5 Ne8 11. e6 fxe6 12. Ng5 Nc7 13. Bg4 Qc8 14. Nxe6 Nxe6 15. Bxe6+ Kh8 16. Qg4 Rd8 17. Ne4 Qc7 18. Ng5 h5 19. Qe4 Nf8 20. Nf7+ Kh7 21. Nxd8 Rxd8 22. Bg5 d5 23. Qe2 Qd6 24. Bxe7 Qxe6 25. Qxe6 Nxe6 26. Bxd8 Nxd8 27. cxd5 cxd5 28. Rad1 Nc6 29. Rfe1 Bc8 30. Rc1 Bb7 31. b4 a6 32. a4 b5 33. axb5 axb5 34. Rc5 Bxd4 35. Rxd5 Kh6 36. Rd7 Ba6 37. Rc1 Bc8 38. Rxd4 Nxd4 39. Rxc8 Kg5 40. Rd8 Ne2+ 41. Kf1 Nc3 42. Rd3 Ne4 43. Rd5+ Kf4 44. g3+ Kf3 45. Rd3# 1-0

[Event "Madrid-ch Previa-B"]
[Site "Madrid"]
[Date "2025.02.21"]
[Round "7.23"]
[White "Castro Contreras, Bruno"]
[Black "Neill, Christopher John"]
[Result "1-0"]
[WhiteElo "1731"]
[BlackElo "1557"]
[PlyCount "67"]
[GameId "2150535813890162"]
[EventDate "2025.01.30"]
[EventType "swiss"]
[EventRounds "9"]
[EventCountry "ESP"]

1. e4 Nc6 2. Nf3 e5 3. Bc4 Bc5 4. b4 Bb6 5. a4 a6 6. c3 d6 7. O-O Bg4 8. d3 Nf6 9. h3 Bh5 10. Re1 h6 11. Nbd2 g5 12. a5 Ba7 13. b5 Ne7 14. g4 axb5 15. Bxb5+ c6 16. Bc4 Bg6 17. d4 Nd7 18. Ba3 exd4 19. cxd4 b5 20. e5 d5 21. e6 c5 22. exd7+ Qxd7 23. dxc5 O-O-O 24. Bxb5 Qc7 25. Ba6+ Kd7 26. Ne5+ Ke8 27. Qe2 Be4 28. Nxe4 dxe4 29. Qxe4 Bb8 30. Rab1 f6 31. Rxb8 Rxb8 32. Nc6 Rb1 33. Rxb1 Qxc6 34. Bb5 1-0

[Event "Madrid-ch Previa-B"]
[Site "Madrid"]
[Date "2025.02.21"]
[Round "7.24"]
[White "Quiros Florea, Rafael Santiago"]
[Black "De Juan Huarte, Federico"]
[Result "1-0"]
[WhiteElo "1660"]
[BlackElo "1636"]
[PlyCount "69"]
[GameId "2150537454727313"]
[EventDate "2025.01.30"]
[EventType "swiss"]
[EventRounds "9"]
[EventCountry "ESP"]

1. d4 Nf6 2. c4 g6 3. Nc3 Bg7 4. e4 d6 5. Be3 Ng4 6. Bf4 O-O 7. Be2 e5 8. Bxg4 Bxg4 9. Qxg4 exf4 10. Nge2 Nc6 11. O-O-O f5 12. exf5 Rxf5 13. Kb1 Qd7 14. Rhe1 Qf7 15. Nd5 f3 16. Ng3 h5 17. Qh4 Bf6 18. Nxf5 Bxh4 19. Nh6+ Kg7 20. Nxf7 Kxf7 21. g3 Bg5 22. Rd3 Kg7 23. Nxc7 Rc8 24. Ne6+ Kh6 25. Nxg5 Kxg5 26. Re6 Rd8 27. a3 a5 28. Kc2 a4 29. Kc3 d5 30. c5 Na5 31. Rxf3 Nc4 32. Rff6 Rg8 33. h4+ Kh6 34. Rf5 Kh7 35. Rxd5 1-0

[Event "Madrid-ch Previa-B"]
[Site "Madrid"]
[Date "2025.02.21"]
[Round "7.30"]
[White "Palomo Fernandez, Lorenzo"]
[Black "Neill Rodriguez, John"]
[Result "1-0"]
[WhiteElo "1650"]
[BlackElo "1554"]
[PlyCount "71"]
[GameId "2150902093587361"]
[EventDate "2025.01.30"]
[EventType "swiss"]
[EventRounds "9"]
[EventCountry "ESP"]

1. e4 e5 2. Nf3 Nc6 3. Bc4 Bc5 4. c3 Nf6 5. d3 h6 6. Nbd2 O-O 7. O-O d6 8. Re1 a5 9. Bb3 Kh8 10. Nf1 b5 11. Be3 a4 12. Bc2 Ng4 13. Bxc5 dxc5 14. Ng3 g6 15. h3 Nf6 16. Qd2 Kg7 17. Rad1 Be6 18. a3 Qe7 19. d4 cxd4 20. cxd4 Nxd4 21. Nxd4 exd4 22. e5 Nd7 23. Qxd4 c5 24. Qe4 b4 25. h4 b3 26. Bb1 Rh8 27. h5 Qe8 28. f4 Bg4 29. Rd6 gxh5 30. Nf5+ Bxf5 31. Qxf5 Qe7 32. Rxd7 Qe8 33. e6 Ra6 34. Qg6+ Kf8 35. Rxf7+ Qxf7 36. Qxf7# 1-0

[Event "Madrid-ch Previa-B"]
[Site "Madrid"]
[Date "2025.02.28"]
[Round "8.1"]
[White "Lorenzo Martin, Hector"]
[Black "Galarreta Santana, Javier"]
[Result "0-1"]
[WhiteElo "1981"]
[BlackElo "1865"]
[PlyCount "90"]
[GameId "2154029076299884"]
[EventDate "2025.01.30"]
[EventType "swiss"]
[EventRounds "9"]
[EventCountry "ESP"]

1. Nf3 Nf6 2. b3 e6 3. Bb2 b6 4. g3 Bb7 5. Bg2 Be7 6. O-O d6 7. d3 O-O 8. e4 c5 9. Nbd2 Nbd7 10. Qe2 e5 11. Nc4 b5 12. Ne3 Re8 13. Nh4 Bf8 14. c4 bxc4 15. bxc4 Qc7 16. f4 g6 17. f5 Bg7 18. g4 Nf8 19. g5 Nh5 20. f6 Bh8 21. Ng4 Ne6 22. Bc1 Rab8 23. Be3 Bc6 24. Bh3 Nef4 25. Bxf4 Nxf4 26. Qe3 Rb2 27. Rxf4 exf4 28. Qxf4 Reb8 29. Nf5 R8b6 30. Ne7+ Kf8 31. Ne3 Bd7 32. N7d5 Rb1+ 33. Rxb1 Rxb1+ 34. Kf2 Qc6 35. Qh4 h5 36. gxh6 Bxh3 37. Qxh3 Qb7 38. Qg3 Qb2+ 39. Kf3 Qe5 40. Qg4 Kg8 41. Qc8+ Kh7 42. Qf8 Qh5+ 43. Kg2 Rb2+ 44. Kg3 Qxh2+ 45. Kg4 Qg1+ 0-1

[Event "Madrid-ch Previa-B"]
[Site "Madrid"]
[Date "2025.02.28"]
[Round "8.2"]
[White "Martin Cantizano, David"]
[Black "Calderon Rojo, Borja"]
[Result "1/2-1/2"]
[WhiteElo "1900"]
[BlackElo "1887"]
[PlyCount "63"]
[GameId "2154030307692682"]
[EventDate "2025.01.30"]
[EventType "swiss"]
[EventRounds "9"]
[EventCountry "ESP"]

1. Nf3 Nf6 2. g3 g6 3. b3 Bg7 4. Bb2 O-O 5. Bg2 d5 6. c4 e6 7. O-O c6 8. Qc2 Nbd7 9. d3 Re8 10. Na3 Qe7 11. cxd5 exd5 12. Rfe1 Nb6 13. Rac1 Bg4 14. Nb1 Rad8 15. Nbd2 Nfd7 16. a4 Bxb2 17. Qxb2 a6 18. d4 Nf6 19. Ne5 Bf5 20. Rxc6 bxc6 21. Nxc6 Qd6 22. Nxd8 Rxd8 23. Rc1 Kg7 24. a5 Na8 25. Rc5 Rc8 26. b4 Rxc5 27. bxc5 Qc7 28. Qb4 Bd7 29. e4 Bc6 30. f3 Qb7 31. Qxb7 Bxb7 32. Kf2 1/2-1/2

[Event "Madrid-ch Previa-B"]
[Site "Madrid"]
[Date "2025.02.28"]
[Round "8.4"]
[White "San Vicente Crespo, Pablo"]
[Black "Liern Matesanz, Jairo"]
[Result "1/2-1/2"]
[WhiteElo "1812"]
[BlackElo "1923"]
[PlyCount "82"]
[GameId "2154031150760102"]
[EventDate "2025.01.30"]
[EventType "swiss"]
[EventRounds "9"]
[EventCountry "ESP"]

1. e4 c5 2. Nf3 d6 3. d4 cxd4 4. Nxd4 Nf6 5. Nc3 a6 6. h3 Nc6 7. g4 g6 8. Bg2 Nxd4 9. Qxd4 Bg7 10. Be3 O-O 11. Qd2 Be6 12. O-O-O Rc8 13. Bd4 b5 14. Nd5 Bxd5 15. exd5 Nd7 16. Bxg7 Kxg7 17. Qd4+ Ne5 18. Bf1 Qc7 19. Bd3 Kg8 20. f4 Nxd3+ 21. Qxd3 Qa5 22. Kb1 Rc4 23. f5 Rfc8 24. fxg6 hxg6 25. Rhe1 Rxc2 26. Rxe7 Qa4 27. Re4 b4 28. Rde1 R8c3 29. Qxc3 Rxc3 30. bxc3 Qb5 31. c4 Qa4 32. R4e3 a5 33. R1e2 Kg7 34. Kb2 Qd7 35. Re7 Qc8 36. Kb3 Qc5 37. R2e4 Qf2 38. Re3 Qd2 39. R7e4 Qd1+ 40. Kb2 Qd2+ 41. Kb1 Qd1+ 1/2-1/2

[Event "Madrid-ch Previa-B"]
[Site "Madrid"]
[Date "2025.02.28"]
[Round "8.5"]
[White "Hurtado Garrido, Reyes"]
[Black "Cardena Contreras, Javier"]
[Result "0-1"]
[WhiteElo "1803"]
[BlackElo "1883"]
[PlyCount "40"]
[GameId "2154037225291956"]
[EventDate "2025.01.30"]
[EventType "swiss"]
[EventRounds "9"]
[EventCountry "ESP"]

{[%evp 0,35,11,23,18,9,9,3,12,-2,2,1,5,10,87,39,19,-33,12,18,17,13,31,-25,36,-1,-4,-13,-37,-39,-20,-34,13,-81,-65,-132,-97,-137]} 1. d4 d5 2. Nf3 Nf6 3. Bg5 Bf5 4. Nbd2 e6 5. e3 Be7 6. c4 O-O 7. Qb3 Nc6 8. Bd3 Bxd3 9. Qxd3 Nb4 10. Qb3 c5 11. O-O a5 12. a3 a4 13. Qc3 cxd4 14. Nxd4 Na6 15. Bf4 Nc5 16. f3 Nh5 17. cxd5 Nxf4 18. exf4 Qxd5 19. Qc4 Rfd8 20. Qxd5 Rxd5 0-1

[Event "Madrid-ch Previa-B"]
[Site "Madrid"]
[Date "2025.02.28"]
[Round "8.6"]
[White "Gonzalez Jimenez, Marcos Valero"]
[Black "Veiga Macias, Rodrigo"]
[Result "0-1"]
[WhiteElo "1840"]
[BlackElo "1832"]
[PlyCount "68"]
[GameId "2154037731975376"]
[EventDate "2025.01.30"]
[EventType "swiss"]
[EventRounds "9"]
[EventCountry "ESP"]

1. e3 d5 2. Nf3 Nf6 3. Be2 c5 4. b3 Nc6 5. Bb2 e6 6. O-O Be7 7. d4 O-O 8. Ne5 Qc7 9. f4 Nxe5 10. fxe5 Ne4 11. Nd2 Nxd2 12. Qxd2 Bd7 13. Rac1 Rac8 14. c4 dxc4 15. Bxc4 Rfd8 16. Qf2 Rf8 17. Bd3 Qa5 18. Bc3 Qb6 19. Qe2 cxd4 20. exd4 Rxc3 21. Qe4 Rxd3 22. Qxd3 Bb5 23. Qe3 Bxf1 24. Kxf1 Rd8 25. Rc4 Qa6 26. Qe2 Qb6 27. Qe3 g6 28. Qc3 Qa6 29. Qc2 Rxd4 30. Kf2 Rxc4 31. bxc4 Bc5+ 32. Ke1 Bd4 33. Qd3 Qa5+ 34. Kd1 Qxe5 0-1

[Event "Madrid-ch Previa-B"]
[Site "Madrid"]
[Date "2025.02.28"]
[Round "8.7"]
[White "Baeza Escudero, Javier"]
[Black "Marin Lopez, Juan Jose"]
[Result "0-1"]
[WhiteElo "1974"]
[BlackElo "1907"]
[PlyCount "50"]
[GameId "2154038562496734"]
[EventDate "2025.01.30"]
[EventType "swiss"]
[EventRounds "9"]
[EventCountry "ESP"]

1. e4 c5 2. Nc3 e6 3. Nf3 a6 4. d4 cxd4 5. Nxd4 b5 6. g3 Bb7 7. Bg2 b4 8. Na4 Qa5 9. b3 Nf6 10. Qd3 Nc6 11. O-O Be7 12. Nxc6 Bxc6 13. Nb2 Qe5 14. Re1 d5 15. f4 Bc5+ 16. Kf1 Qh5 17. exd5 Ng4 18. Re2 Qxh2 19. Ke1 Qg1+ 20. Bf1 Bxd5 21. Nd1 Nh2 22. Rxh2 Qxh2 23. Ne3 Qxg3+ 24. Ke2 Bf3+ 25. Kd2 Qf2+ 0-1